00850cam a22002534a 45000010009000000050017000090080041000260100017000670200028000840400018001120410008001300420008001380800018001460820022001641000007001861010008001932450081002012460059002825040064003419060045004059420012004509990017004629520117004791213907920180221050513.0000811s2000 vaua b 001 0 eng  a 00010876  a0871203871 (alk. paper) aDLCcDLCdDLC aeng apcc a370.152 SIL00a370.152 SIL2211 a48 aEDU10aSo each may learn :cHarvey F. Silver, Richard W. Strong, Matthew J. Perini.30aIntegrating learning styles and multiple intelligences aIncludes bibliographical references (p. 114-115) and index. a7bcbccorignewd1eecipf20gy-gencatlg 2ddccBK c43030d43030 00102udc40708PËKGa002b002cPËKGd2018-02-21l0o370.152 SILp002-2999812r2018-02-21w2018-02-21yBK